000 00762nas a2200241 4500
001 BR2016004262
003 BR-BrBNA
005 20231205130804.0
007 ta
008 230509b bl.|||p| |||| 00| 00por d
040 _aBR-BrBNA
_bpor
_cBiblioteca Nacional de Agricultura
041 _a(En)
072 _aH10; L60
100 1 _aMarchesin, S.R. de C.
100 1 _aVersute, E.M.
245 1 _aChromosome studies of Brazilian vespertilionids Lasiurus cinereus and Lasiurus ega (Mammalia, Chiroptera)
650 _aMORCEGO
650 _aCOR
650 _aCROMOSSOMO
773 0 _tIheringia - Série Zoologia (Brazil)
_xISSN 0073-4721
_g(Dec 2004), v. 94(4) p. 443-446
_wBR2016004262
909 _a202311
_bLúcia
_c55
_dLúcia Elande
942 _2AGRIS
_n0
_cANA
999 _c251256
_d251256